000 00426nam a2200121 a 4500
001 000030399
005 20200930062307.0
008 110517s1981 dr 000 0 spa d
040 _aDO-SdBNP
_bspa
_cBNPHU
245 0 0 _aCatálogo colectivo de publicaciones periódicas de la República Dominicana.
260 _a[Santo Domingo] :
_bCentro de Información Científica y Tecnológica (INDOTEC),
_c1981.
300 _a252 p. ;
_c22 cm.
999 _c29891
_d29891